| 000 | 01142cam a2200313 a 4500 | ||
|---|---|---|---|
| 999 |
_c3467 _d3467 |
||
| 001 | 7795202 | ||
| 003 | OCoLC | ||
| 005 | 20181113161451.0 | ||
| 008 | 810902s1981 oru b 001 0 eng | ||
| 010 | _a 81014132 | ||
| 020 | _a0930014715 (pbk.) | ||
| 020 | _a8173622027 | ||
| 020 | _a9780930014711 (pbk.) | ||
| 035 | _a(OCoLC)7795202 | ||
| 040 |
_aDLC _cDLC _dBAKER _dBTCTA _dHNW _dYDXCP _dCIRBC |
||
| 050 | 0 | 0 |
_aBV4211.2 _b.B674 1981 |
| 082 | 0 | 0 |
_a251 _219 _bB813H |
| 092 |
_a251.01 _bB8131 |
||
| 100 | 1 | _aBraga, James. | |
| 245 | 1 | 0 |
_aHow to prepare Bible messages / _cby James Braga. |
| 250 | _aRev. ed. | ||
| 250 | _aInd. ed. | ||
| 260 |
_aPortland, Or. : _bMultnomah Press, _c1981. |
||
| 300 |
_a257 p. ; _c21 cm. |
||
| 504 | _aIncludes bibliographies and indexes. | ||
| 505 | 0 | _aThe topical sermon -- The textual sermon -- The expository sermon -- Homiletical structure -- The title -- The introduction -- The proposition -- The divisions -- The discussion -- The illustrations -- The application -- The conclusion -- Summary : basic steps in the preparation of a sermon outline. | |
| 650 | 0 | _aPreaching. | |
| 942 |
_2ddc _cBK |
||